000 00309nam a22001217a 4500
020 _a07-015455-4
082 _a620.0045 HAN'D
100 _aDARIDSON, A
_978972
245 _aHANDBOOK OF PRECISION ENGINEERING VOLUME 1 FUNDAMENTALS
260 _aNEWYORK
_bMCGRAW HILL
_c1970
300 _aIX,423P
942 _cBK
999 _c584043
_d584043